000 00208nam a2200097Ia 4500
008 240331s9999 xx 000 0 und d
082 _bSIV
100 _aSivasekaram, S
245 0 _aThamizhum ayalum
942 _cL
999 _c3647
_d3647